000 00209 a2200097 4500
001 25301
100 _aKing, G J
245 _aHi Fi Tape Recorder Handbook
260 _a
_bNewness BW
_c
090 _c17067
_d17067
942 _aNUST-CAE
_cM
_c7855
999 _c260374
_d260374